000 00825cam a22002653a 4500
001 15424
003 PGUSA
005 20140828083329.0
008 050321s2005||||xxu|||||s|||||000 1 eng d
040 _aPGUSA
_beng
042 _adc
050 4 _aPS
100 1 _aBennett, Emerson,
_d1822-1905
245 1 0 _aElla Barnwell :
_bA Historical Romance of Border Life
_h[electronic resource] /
_cEmerson Bennett
260 _bProject Gutenberg,
_c2005
500 _aAn earlier edition has title: The renegade.
506 _aPublic domain in the USA.
516 _aElectronic text
653 _aKentucky -- Fiction
653 _aFrontier and pioneer life -- Fiction
653 _aGirty, Simon, 1741-1818 -- Fiction
830 0 _aProject Gutenberg
_v15424
856 4 0 _uhttp://www.gutenberg.org/ebooks/15424
942 _cEB
999 _c244679
_d244679